000 00586nam a2200193Ia 4500
001 19648
003 GE_BSU
008 181216s||||||||xx |||||||||||||| ||und||
040 _cGE_BSU
245 _aВода химия и экология 9/2016.
245 _bВсероссийский научно-практический журнал
245 _cГл. ред. Кулов Н.Н.
260 _aМосква
260 _c2016
300 _a96 стр. 29см.
653 _aВода химия и экология 9/2016.
653 _aპერიოდიკა
942 _cCR
999 _c52624
_d52624